000
00345nam a2200145Ia 4500
008
230718s9999 xx 000 0 und d
041
_a
Eng.
082
_a
348.5491
_b
MIA-P
100
_a
Mian arshad ali mahar
245
0
_a
Pakistam law journal
260
_a
Pakistan
_b
punjab bar concil
_c
2021
300
_a
626
650
_a
Law
999
_c
32972
_d
32972